Statistics for PR04-京王電鉄の駅

Click here to take the quiz!

General Stats

  • This quiz has been taken 941 times
    (870 since last reset)
  • The average score is 57 of 74

Answer Stats

本線% Correct
新宿
99%
明大前
97%
明大前
97%
調布
96%
調布
96%
京王八王子
96%
渋谷
95%
高尾山口
95%
府中
95%
笹塚
94%
高尾
94%
橋本
93%
吉祥寺
93%
京王多摩センター
91%
北野
91%
北野
91%
東府中
87%
東府中
87%
初台
87%
高幡不動
86%
千歳烏山
86%
高幡不動
86%
下北沢
85%
聖蹟桜ヶ丘
85%
多摩動物公園
84%
分倍河原
84%
幡ヶ谷
84%
下高井戸
84%
神泉
83%
駒場東大前
82%
井の頭公園
81%
京王稲田堤
81%
京王永山
81%
永福町
80%
府中競馬正門前
78%
国領
78%
桜上水
78%
布田
77%
南大沢
77%
代田橋
76%
西調布
75%
飛田給
74%
仙川
74%
つつじヶ丘
73%
久我山
72%
上北沢
72%
芦花公園
72%
めじろ台
70%
京王多摩川
70%
八幡山
70%
京王よみうりランド
69%
西永福
67%
多摩境
67%
若葉台
67%
高井戸
66%
稲城
66%
多磨霊園
65%
山田
64%
京王片倉
64%
平山城址公園
63%
新代田
63%
百草園
62%
柴崎
61%
三鷹台
60%
中河原
60%
富士見ヶ丘
60%
武蔵野台
56%
東松原
56%
浜田山
56%
京王堀之内
55%
池ノ上
54%
長沼
54%
南平
53%
狭間
52%

Score Distribution

Percentile by Number Answered

Percent of People with Each Score

Your Score History

You have not taken this quiz since the last reset